ბათუმის შოთა რუსთაველის სახელმწიფო უნივერსიტეტის ბიბლიოთეკა

შეიარაღებული აჯანყების სამხედრო გეგმის გაცემის დაზუსტებისათვის / (ბიბ.ჩანაწერი № 53373)

000 -ლიდერი
ფიქსირებული სიგრძის საკონტროლო ველი 01734nam a2200289Ia 4500
001 - საკონტროლო ნომერი
საკონტროლო ველი 20416
003 - საკონტროლო ნომრის იდენტიფიკატორი
საკონტროლო ველი GE_BSU
005 - ბოლო ოპერაციის თარიღი და დრო
საკონტროლო ველი 20201124225559.0
008 - ფიქსირებული სიგრძის მონაცემთა ელემენტები - ზოგადი ინფორმაცია
ფიქსირებული სიგრძის საკონტროლო ველი 181216s2016||||ge |||||||||||||| ||geo||
020 ## - წიგნის საერთაშორისო სტანდარტული ნომერი
International Standard Book Number 9789941089657
040 ## - კატალოგიზაციის წყარო
Transcribing agency GE_BSU
041 ## - ენის კოდი
Language code of sung or spoken text geo
080 ## - უნივერსალური ათობითი კლასიფიკაციის ინდექსი
Universal Decimal Classification number 94(479.22)+323.27(479.22) ვ-12
100 ## - მთავარი ჩანაწერი - პიროვნების სახელი
Personal name ვადაჭკორია, შოთა
9 (RLIN) 5487
245 ## - ცნობა სათაურის შესახებ
Title შეიარაღებული აჯანყების სამხედრო გეგმის გაცემის დაზუსტებისათვის /
Statement of responsibility, etc შოთა ვადაჭკორია ; სარედაქციო კოლეგია : ქრისტინე ფაღავა-ბულეზი, შარლ ურევიჩი ; რედ. : სტივენ ჯონსი, ნატო სონღულაშვილი
264 ## - წარმოების, გამოცემის, დისტრიბუციის და სხვა ცნობები
გამოცემის, წარმოების, დისტრიბუციის... ადგილი თბილისი :
გამოცემის, წარმოების, დისტრიბუციის... სახელწოდება გეორგიკა,
გამოცემის, წარმოების, დისტრიბუციის... თარიღი 2016.
300 ## - ფიზიკური აღწერა
Extent 120 გვ. :
Other physical details რუკები ;
Dimensions 20 სმ.
504 ## - BIBLIOGRAPHY, ETC. NOTE
Bibliography, etc ბიბლიოგრ. : გვ. 69-70
520 ## - SUMMARY, ETC.
Summary, etc რეზიუმე ინგლისურ ენაზე
653 ## - INDEX TERM--UNCONTROLLED
Uncontrolled term ისტორია
653 ## - INDEX TERM--UNCONTROLLED
Uncontrolled term პოლიტიკა
653 ## - INDEX TERM--UNCONTROLLED
Uncontrolled term საქართველოს ანექსია რუსეთის მიერ
653 ## - INDEX TERM--UNCONTROLLED
Uncontrolled term შეიარაღებული აჯანყების სამხედრო გეგმის გაცემის დაზუსტებისათვის
700 ## - ADDED ENTRY--PERSONAL NAME
Personal name ჯონსი, სტივენ
Relator term რედაქტორი
9 (RLIN) 9775
700 ## - ADDED ENTRY--PERSONAL NAME
Personal name სონღულაშვილი, ნატო
Relator term რედაქტორი
9 (RLIN) 9776
942 ## - ADDED ENTRY ELEMENTS (KOHA)
Koha item type წიგნი
Source of classification or shelving scheme
ეგზემპლარები
ჩამოწერის სტატუსი დაკარგული ეგზემპლარის სტატუსი კლასიფიკაციის წყარო ან თაროზე გაწყობის სქემა დაზიანების სტატუსი არ გაიცემა მუდმივი მდებარეობა (დაცვის ადგილი) ამჟამინდელი ადგილსამყოფელი თაროზე განთავსების ადგილი შეძენის თარიღი სრული შენახვის შიფრი შტრიხკოდი ბოლო ოპერაციის თარიღი ეგზემპლარის მიმდევრობითი ნომერი (კეტერი?) ფასის ძალაში შესვლის თარიღი ეგზემპლარის სახეობა
          ბათუმის შოთა რუსთაველის სახელმწიფო უნივერსიტეტის მთავარი ბიბლიოთეკა ბათუმის შოთა რუსთაველის სახელმწიფო უნივერსიტეტის მთავარი ბიბლიოთეკა წიგნსაცავი 2018-12-17 94(479.22)+323.27(479.22) ვ-12 53390 2018-12-17 53390 2018-12-17 წიგნი